| 000 -CABECERA |
| fixed length control field |
01362nam a22002297i 4500 |
| 003 - IDENTIFICADOR DEL NÚMERO DE CONTROL |
| control field |
AR-CdUCM |
| 008 - DATOS DE LONGITUD FIJA--INFORMACIÓN GENERAL |
| fixed length control field |
241115b20182028 pe||||| |||| 00| 0 spa d |
| 040 ## - FUENTE DE LA CATALOGACIÓN |
| Agencia/entidad que catalogó originalmente la obra |
MUNICIPALIDAD PROVINCIAL DEL CUSCO |
| Entidad que transcribió la catalogación |
BIBLIOTECA MUNICIPAL DEL CUSCO |
| 082 ## - NÚMERO DE LA CLASIFICACIÓN DECIMAL DEWEY |
| No. de Clasificación |
869.56632 / V21 |
| Notacion interna |
V21 |
| 100 ## - ENTRADA PRINCIPAL--NOMBRE DE PERSONA |
| Nombre Personal |
Valenzuela Zea, Waldo |
| 245 ## - MENCIÓN DE TÍTULO |
| Título |
Pampacóndor / |
| 260 ## - PUBLICACIÓN, DISTRIBUCIÓN, ETC. |
| Lugar de publicación, distribución, etc. |
Cusco : |
| Fecha de publicación, distribución, etc. |
2018 |
| 300 ## - DESCRIPCIÓN FÍSICA |
| Nº de Páginas Extensión |
217 páginas. : |
| Dimensiones |
21 cm. |
| 505 ## - NOTA DE CONTENIDO CON FORMATO |
| Nota de contenido formateada |
El indulto a Pampacóndor en la ciudad de Abancay -- El apelativo de Pampacóndor, como un sello personal en su vida, por siempre -- Curpahuasi, el pueblo donde inicia su vida como torero grauino -- Antabamba, pueblo donde se presenta como un torero de fama -- Pampacóndor en el pueblo de Colquemarca -- El fracaso de un cholo grauino en el matrimonio -- Pampacóndor, torero prisionero en Antabamba -- La marcha de Pampacóndor ante el juez de primera instancia -- La presencia de Pampacóndor en la cárcel de Chuquibambilla-Grau -- La fiesta patronal de San Marcos-Totora-Oropesa -- Las fiestas de Chapimarca-Kaqta -- Persecución y la despedida emotiva de Pampacóndor -- Abancay; la ciudad nada entrañable con Pampacóndor |
| 650 ## - PUNTO DE ACCESO ADICIONAL DE MATERIA--TÉRMINO DE MATERIA |
| Descriptor |
Historia |
| 9 (RLIN) |
50834 |
| 650 ## - PUNTO DE ACCESO ADICIONAL DE MATERIA--TÉRMINO DE MATERIA |
| Descriptor |
Narrativa |
| 9 (RLIN) |
67 |
| 650 ## - PUNTO DE ACCESO ADICIONAL DE MATERIA--TÉRMINO DE MATERIA |
| Descriptor |
Memoria colectiva |
| 9 (RLIN) |
1121 |
| 650 ## - PUNTO DE ACCESO ADICIONAL DE MATERIA--TÉRMINO DE MATERIA |
| Descriptor |
Vivencias |
| 9 (RLIN) |
50835 |
| 942 ## - ELEMENTOS DE PUNTO DE ACCESO ADICIONAL (KOHA) |
| Fuente de clasificación |
|
| Tipo de item |
Libros-BMC |
| 945 ## - PROCESAMIENTO DE INFORMACIÓN LOCAL (OCLC) |
| Catalogador |
pbj |
| AAAA-MM-DD - Fecha de ingreso o modificacion |
15-11-2024 |